Možnosti krátkodobého zhodnocovania peňažných prostriedkov

Znižovanie úrokových mier Národnou bankou Slovenska spôsobuje znižovanie výnosnosti vkladov. Podnikateľské subjekty preto hľadajú iné možnosti zhodnocovania dočasne voľného kapitálu. Príspevok sa zameriava na porovnanie výnosnosti termínovaných vkladov voči peňažným otvoreným podielovým fondom ako m...

Descrizione completa

Salvato in:
Dettagli Bibliografici
Autore principale: Kmeťko, Miroslav, 1969-
Natura: Capitolo di libro
Lingua:slovacco
Soggetti:
Tags: Aggiungi Tag
Nessun Tag, puoi essere il primo ad aggiungerne!!

MARC

LEADER 00000naa$a2200000$$$4500
001 0026816
005 20240502071427.0
041 0 |a slo 
044 |a SK 
245 1 0 |a Možnosti krátkodobého zhodnocovania peňažných prostriedkov  |c Miroslav Kmeťko 
520 |a Znižovanie úrokových mier Národnou bankou Slovenska spôsobuje znižovanie výnosnosti vkladov. Podnikateľské subjekty preto hľadajú iné možnosti zhodnocovania dočasne voľného kapitálu. Príspevok sa zameriava na porovnanie výnosnosti termínovaných vkladov voči peňažným otvoreným podielovým fondom ako možnej alternatíve. Vývoj úrokových mier v SR od januára do septembra 2004. Charakteristika peňažných fondov. Fondy peňažného trhu (FPT). Výsledky porovnania. Zhodnotenie výsledkov. 
610 2 0 |a miera úroková 
610 2 0 |a Slovensko 
610 2 0 |a podnikatelia 
610 2 0 |a kapitál 
610 2 0 |a zhodnocovanie zdrojov 
610 2 0 |a vklady 
610 2 0 |a trh peňažný 
610 2 0 |a fondy podielové otvorené 
610 2 0 |a výnosy 
610 2 0 |a úrok 
100 1 |a Kmeťko, Miroslav, 1969-